ਚੁੱਪ ਦੇ ਅੰਦਰ ਬਾਹਰ : (Record no. 110967)

MARC details
000 -LEADER
fixed length control field 01011nam a22002537a 4500
005 - DATE AND TIME OF LATEST TRANSACTION
control field 20170123164200.0
010 ## - LIBRARY OF CONGRESS CONTROL NUMBER
LC control number B-109235
020 ## - INTERNATIONAL STANDARD BOOK NUMBER
Terms of availability 125.00
035 ## - SYSTEM CONTROL NUMBER
System control number B-109235
037 ## - SOURCE OF ACQUISITION
Source of stock number/acquisition Cen Lib/Ret
040 ## - CATALOGING SOURCE
Original cataloging agency DPL
Language of cataloging PN
082 ## - DEWEY DECIMAL CLASSIFICATION NUMBER
Classification number 910.4
Item number ਗੁਲਾਟੀ
100 ## - MAIN ENTRY--PERSONAL NAME
Personal name ਗੁਲਾਟੀ, ਸਤੀਸ਼
9 (RLIN) 135436
245 ## - TITLE STATEMENT
Title ਚੁੱਪ ਦੇ ਅੰਦਰ ਬਾਹਰ :
Statement of responsibility, etc ਸਤੀਸ਼ ਗੁਲਾਟੀ
Remainder of title ਯਾਤਰਾ ਸੰਸਮਰਣ /
246 ## - VARYING FORM OF TITLE
Title proper/short title Chup de ander bahar : yātarā sam̆samaraṇa
Remainder of title by Satish Gulati
260 ## - PUBLICATION, DISTRIBUTION, ETC. (IMPRINT)
Place of publication, distribution, etc ਲੁਧਿਆਨਾ
Name of publisher, distributor, etc ਚੇਤਨਾ ਪ੍ਰਕਾਸ਼ਨ
Date of publication, distribution, etc 2004
270 ## - ADDRESS
Address ਪੰਜਾਬੀ ਭਵਨ
City ਲੁਧਿਆਨਾ
300 ## - PHYSICAL DESCRIPTION
Extent 107p
Dimensions 20cm
650 ## - SUBJECT ADDED ENTRY--TOPICAL TERM
Topical term or geographic name as entry element ਭਾਰਤ ਨੂੰ -- ਵੇਰਵਾ ਅਤੇ ਯਾਤਰਾ
9 (RLIN) 135437
650 ## - SUBJECT ADDED ENTRY--TOPICAL TERM
Topical term or geographic name as entry element ਯਾਤਰਾ
9 (RLIN) 135438
650 ## - SUBJECT ADDED ENTRY--TOPICAL TERM
Topical term or geographic name as entry element India -- Description and travel
9 (RLIN) 26587
650 ## - SUBJECT ADDED ENTRY--TOPICAL TERM
Topical term or geographic name as entry element travel
9 (RLIN) 25007
942 ## - ADDED ENTRY ELEMENTS (KOHA)
Source of classification or shelving scheme Dewey Decimal Classification
Koha item type Punjabi Bks
Classification part 910.4
Call number suffix ਗੁਲਾਟੀ
Holdings
Withdrawn status Lost status Damaged status Not for loan Home library Current library Date acquired Source of acquisition Cost, normal purchase price Total Checkouts Full call number Barcode Date last seen Copy number Cost, replacement price Price effective from Koha item type
        Central Library Central Library 10/02/2016 Cen Lib/Ret 125.00   910.4 ਗੁਲਾਟੀ B-109235 10/02/2016 1 125.00 10/02/2016 Punjabi Bks

© Delhi Public Library
Hit Counter
free hit counter